Detalles MARC
| 000 -LEADER |
| campo de control de longitud fija |
02137cam a22004694i 4500 |
| 003 - IDENTIFICADOR DE NÚMERO DE CONTROL |
| campo de control |
PE-LiUPU |
| 005 - FECHA Y HORA DE LA ÚLTIMA TRANSACCIÓN |
| campo de control |
20250731165359.0 |
| 008 - DATOS DE LONGITUD FIJA--INFORMACIÓN GENERAL |
| campo de control de longitud fija |
150921s2008 pe grm 000 0 spa d |
| 035 ## - NÚMERO DE CONTROL DEL SISTEMA |
| Número de control de sistema |
(Sirsi) a154508 |
| 040 ## - FUENTE DE CATALOGACIÓN |
| Centro catalogador/agencia de origen |
PE-LiUPU |
| Lengua de catalogación |
spa |
| Centro/agencia transcriptor |
PE-LiUPU |
| Normas de descripción |
rda |
| 082 04 - NÚMERO DE LA CLASIFICACIÓN DECIMAL DEWEY |
| Número de clasificación |
268.8678562 |
| Cutter |
C81 3 |
| 099 ## - TEXTO-LIBRO SIGNATURA TOPOGRÁFICA LOCAL (OCLC) |
| Número de clasificación |
TE 3 |
| -- |
C81 2008 |
| 100 1# - ENTRADA PRINCIPAL--NOMBRE DE PERSONA |
| Nombre de persona |
Cotacallapa Calcina, Edgar Claudio |
| Término indicativo de función/relación |
autor |
| 245 13 - MENCIÓN DEL TÍTULO |
| Título |
El Itinerario de la educación Adventista para la Comunidad Indigena, en el departamento de Puno / |
| Mención de responsabilidad, etc. |
Edgar Claudio Cotacallapa Calcina. |
| 264 #0 - PRODUCCIÓN, PUBLICACIÓN, DISTRIBUCIÓN, FABRICACIÓN Y COPYRIGHT |
| Fecha de producción, publicación, distribución, fabricación o copyright |
2008. |
| 300 ## - DESCRIPCIÓN FÍSICA |
| Extensión |
111 hojas |
| Dimensiones |
31 cm |
| 336 ## - TIPO DE CONTENIDO |
| Término de tipo de contenido |
text |
| Fuente |
rdacontent |
| 337 ## - TIPO DE MEDIO |
| Nombre/término del tipo de medio |
unmediated |
| Fuente |
rdamedia |
| 338 ## - TIPO DE SOPORTE |
| Nombre/término del tipo de soporte |
volume |
| Fuente |
rdacarrier |
| 502 ## - NOTA DE TESIS |
| Nota de tesis |
Tesis |
| Tipo de título |
(Mg.) -- |
| Nombre de la institución que otorga el título |
Universidad Peruana Unión, |
| Año de obtención del título |
2008. |
| 504 ## - NOTA DE BIBLIOGRAFÍA, ETC. |
| Nota de bibliografía, etc. |
Incluye referencias |
| 520 3# - RESUMEN, ETC. |
| Sumario, etc. |
El titulo de nuestro trabajo es "El itinerario de la educación adventista para la comunidad indígena, en el departamento de Puno", diseñado con los objetivos: 1. Construir, valido para nuestra investigación, un marco geográfico e histórico de Puno, el departamento donde se encuentran dos culturas indígenas. 2. Determinar los hitos culturales en el altiplano peruano, en el contexto de la educación cristiana adventista. 3. Determinar los hitos humanos en el proceso de la educación indígena en el altiplano peruano. 4. Determinar los aportes de la educación cristiana adventista del siglo XXI, en el contexto del altiplano peruano. |
| 526 ## - NOTA DE INFORMACIÓN SOBRE EL PROGRAMA DE ESTUDIO |
| Nombre del programa |
Segunda Especialidad En Estadística Aplicada Para Investigación (A Distancia) |
| 526 ## - NOTA DE INFORMACIÓN SOBRE EL PROGRAMA DE ESTUDIO |
| Nombre del programa |
Segunda Especialidad En Estadística Aplicada Para Investigación |
| 526 ## - NOTA DE INFORMACIÓN SOBRE EL PROGRAMA DE ESTUDIO |
| Nombre del programa |
Ingeniería De Ciberseguridad |
| 526 ## - NOTA DE INFORMACIÓN SOBRE EL PROGRAMA DE ESTUDIO |
| Nombre del programa |
Ingeniería De Ciencia De Datos E Inteligencia Artificial |
| 526 ## - NOTA DE INFORMACIÓN SOBRE EL PROGRAMA DE ESTUDIO |
| Nombre del programa |
Ingeniería De Software |
| 526 ## - NOTA DE INFORMACIÓN SOBRE EL PROGRAMA DE ESTUDIO |
| Nombre del programa |
|
| 526 ## - NOTA DE INFORMACIÓN SOBRE EL PROGRAMA DE ESTUDIO |
| Nombre del programa |
Comunicación Y Periodismo |
| 526 ## - NOTA DE INFORMACIÓN SOBRE EL PROGRAMA DE ESTUDIO |
| Nombre del programa |
Maestría En Ingeniería De Sistemas Con Mención En Dirección Y Gestión De Tecnologías De Información (Semipresencial) |
| 526 ## - NOTA DE INFORMACIÓN SOBRE EL PROGRAMA DE ESTUDIO |
| Nombre del programa |
Maestría En Ingeniería De Sistemas Con Mención En Dirección Y Gestión De Tecnologías De Información (A Distancia) |
| 526 ## - NOTA DE INFORMACIÓN SOBRE EL PROGRAMA DE ESTUDIO |
| Nombre del programa |
Doctorado en ingeniería de sistemas |
| 526 ## - NOTA DE INFORMACIÓN SOBRE EL PROGRAMA DE ESTUDIO |
| Nombre del programa |
Maestría en ingeniería de sistemas con mención en Ingeniería de software |
| 526 ## - NOTA DE INFORMACIÓN SOBRE EL PROGRAMA DE ESTUDIO |
| Nombre del programa |
Maestría en ingeniería de sistemas con mención en Dirección y gestión de tecnologías de información |
| 526 ## - NOTA DE INFORMACIÓN SOBRE EL PROGRAMA DE ESTUDIO |
| Nombre del programa |
Ingeniería de sistemas |
| 526 ## - NOTA DE INFORMACIÓN SOBRE EL PROGRAMA DE ESTUDIO |
| Nombre del programa |
Educación secundaria, especialidad matemática e informática |
| 596 ## - |
| -- |
1 |
| 650 04 - PUNTO DE ACCESO ADICIONAL DE MATERIA--TÉRMINO DE MATERIA |
| Término de materia o nombre geográfico como elemento de entrada |
Educación Adventista |
| Subdivisión geográfica |
Puno (Perú) |
| Subdivisión de forma |
Tesis. |
| 942 ## - ELEMENTOS DE ENTRADA SECUNDARIOS (KOHA) |
| Fuente del sistema de clasificación o colocación |
Clasificación Decimal Dewey |
| Tipo de ítem Koha |
Tesis |
| 999 ## - NÚMEROS DE CONTROL DE SISTEMA (KOHA) |
| -- |
ALPHANUM |
| -- |
T01074 |
| -- |
CCODEBUL3 |
| -- |
BUL |
| -- |
1 |
| -- |
Y |
| -- |
TESIS |
| -- |
2015-9-21 |
| -- |
POSGRADO |
| -- |
P57 |
| -- |
.STAFF. Tesis |
| 999 ## - NÚMEROS DE CONTROL DE SISTEMA (KOHA) |
| -- |
ALPHANUM |
| -- |
T01682 |
| -- |
CCODEBUL3 |
| -- |
BUL |
| -- |
1 |
| -- |
1 |
| -- |
Y |
| -- |
TESIS |
| -- |
2015-9-22 |
| -- |
POSGRADO |
| -- |
P57 |
| -- |
.STAFF. Tesis |
| 980 ## - EQUIVALENCIA O REFERENCIA-CRUZADA-MENCIÓN DE SERIE--NOMBRE DE PERSONA/TÍTULO [LOCAL, CANADÁ] |
| ID del último usuario que modificó el registro |
1 |
| Nombre del último usuario que modificó el registro |
ALBERTO SANCHEZ Responsable de Automatización |